| 000 | 00641nam a2200205 a 4500 | ||
|---|---|---|---|
| 001 | 16048 | ||
| 003 | BD-RjUL | ||
| 005 | 20211208235936.0 | ||
| 008 | 140211s1963 n a 000 0 eng d | ||
| 035 | _a(BD-RjUL)16103 | ||
| 040 |
_aBD-RjUL _beng _cBD-RjUL |
||
| 041 | _aeng | ||
| 082 | 0 | 4 |
_a382.02 _bSTH 1963 |
| 100 | 1 |
_aStanley, Alexander O. _949687 |
|
| 245 | 1 | 0 |
_aHandbook of international marketing : _bhow to export, import and invest overseas / _cAlexander O. Stanley. |
| 260 |
_aNew York : _bMcGraw-Hill, _c1963. |
||
| 300 |
_axviii, 680p. : _bill. ; _c24 cm. |
||
| 650 | 0 |
_aCommerce _xHandbooks, manuals, etc. _945674 |
|
| 942 |
_2ddc _cBK |
||
| 999 |
_c16048 _d16048 |
||